| 000 | 00717nab a2200217u 4500 | ||
|---|---|---|---|
| 001 | 20500 | ||
| 003 | HDC | ||
| 007 | c| |||a|c|aaaa | ||
| 008 | 210304b20070719my ||||o |||| 00| 0 eng d | ||
| 040 | _aHDC | ||
| 245 | 0 | _aCanadian & US Beef back in Indonesian markets | |
| 336 |
_atext _2rdacontent |
||
| 337 |
_acomputer _2rdamedia |
||
| 338 |
_aonline resource _2rdacarrier |
||
| 650 |
_aIslamic halal system _918538 |
||
| 650 |
_aOrganization for Animal Health (OIE) _918537 |
||
| 856 | _zRequest full-text at [email protected] | ||
| 942 | _2lcc | ||
| 942 | _cNEWS | ||
| 942 | _kNWS0 004910 | ||
| 999 |
_c17816 _d17816 |
||